LEADER 01103nam a2200265 i 4500 001 000000215798 003 CaOOAMICUS 005 20120913000000.0 008 120913s2012 it u000 u ita u 013 $a194673 020 $a978-88-465-0798-3 040 $aSeMil$bita 100 1 $aGrion, Luca.$0(OLS)http://semarc/name/76507 245 10$aGustavo Bontadini /$cLuca Grion. 260 $aCittą del Vaticano :$bLUP, Lateran University Press,$c2012. 300 $a299 p. ;$c21 cm. 490 0 $aFilosofi italiani del novecento ;$v2 600 14$aBontadini, Gustavo <1903-1990>.$0(OLS)http://semarc/subject/2992 830 0$aFilosofi italiani del Novecento ;$v2.$0(OLS)http://semarc/title/37018 850 $aSeMil 852 $aSeMil$W1$xVenegono$y1$m2KA T 2$j231044$B166218$CSeMilBibl$Z2$F179056 $81 961 $aOmaggio: Altro 996 $6020$a978-88-465-0798-3$9(OLS)http://semarc/number/212502 996 $6245$aGustavo Bontadini$9(OLS)http://semarc/title/310529 996 $6260$aCittą del Vaticano :$bLUP, Lateran University Press$9(OLS)http://semarc/publisher/32786 LEADER 00925nam a2200217 i 4500 001 000000079203 003 CaOOAMICUS 005 20170331000000.0 008 170331s1787 it u000 u ita u 013 $a51440 026 $ao;re 55m- 8.n- taiq (3) 1787 (A) 040 $aSeMil$bita 245 10$aLirro [!] primo che contiene la storia del vecchio, e nuovo testamento. 300 $aXI, [1], 171, [1] p. 500 $aSegn.: a6 A-F12 G14. 773 0 $tElementi di storia ad uso de' nobili convittori del Collegio Tolomei di Siena diretto da CC. RR. delle Scuole Pie. Libro 1. [-6.].$dSiena : Da' Torchj di Pazzini Carli, 1787.$g1$w()5001 850 $aSeMil 852 $aSeMil$W1$xVenegono$y1$m3S II 108 FA$j44954$B44954$CSeMilBibl$Z2$F46799 $8I 941 1 $a10 961 $aRecupero: Mantegazza 996 $6245$aLirro [!] primo che contiene la storia del vecchio, e nuovo testamento$9(OLS)http://semarc/title/403209